[Event "IMSA Masters Blitz Women"]
[Site "Hengshui CHN"]
[Date "2019.05.18"]
[Round "13.5"]
[White "Dzagnidze,N"]
[Black "Krush,I"]
[Result "0-1"]
[WhiteElo "2510"]
[BlackElo "2422"]

1.c4 c5 2.Nf3 Nc6 3.Nc3 g6 4.e3 Nf6 5.d4 cxd4 6.exd4 d5 7.cxd5 Nxd5 8.Qb3 Nxc3
9.bxc3 Bg7 10.Be2 O-O 11.O-O b6 12.Ba3 Be6 13.c4 Nxd4 14.Nxd4 Qxd4 15.Bxe7 Rfe8
16.Rad1 Qe5 17.Bf3 Rac8 18.Rfe1 Qc7 19.Bd6 Qxc4 20.Qxc4 Bxc4 21.a3 h5 22.h3 a5
23.Rc1 b5 24.Red1 a4 25.Bb4 Bf8 26.Bxf8 Kxf8 27.Rd7 Rcd8 28.Rb7 Re7 29.Rb6 Rd3
30.Bc6 Rb3 31.Rd1 Rxa3 32.Rd8+ Kg7 33.Rbb8 Ra1+ 34.Kh2 Rb1 35.Rg8+ Kf6 36.Bf3 a3
37.Rb6+ Re6 38.Rb7 a2 39.Rf8 Re7  0-1

[Event "IMSA Masters Blitz Women"]
[Site "Hengshui CHN"]
[Date "2019.05.18"]
[Round "16.3"]
[White "Krush,I"]
[Black "Lei Tingjie"]
[Result "1/2-1/2"]
[WhiteElo "2422"]
[BlackElo "2507"]

1.d4 Nf6 2.c4 g6 3.Nc3 d5 4.cxd5 Nxd5 5.e4 Nxc3 6.bxc3 Bg7 7.Bc4 c5 8.Ne2 Nc6
9.Be3 O-O 10.O-O Bg4 11.f3 Bd7 12.Rc1 Qc7 13.dxc5 b6 14.cxb6 axb6 15.Nd4 Na5
16.Bd5 Rac8 17.Qe2 e6 18.Bb3 Be5 19.f4 Bg7 20.f5 exf5 21.exf5 Nxb3 22.axb3 Be5
23.h3 Rce8 24.Qf3 Bc8 25.Bh6 Bb7 26.Qg4 Bh2+ 27.Kh1 Bd6 28.Bxf8 Rxf8 29.Nb5 Qc5
30.Nxd6 Qxd6 31.Rcd1 Qc6 32.c4 b5 33.fxg6 hxg6 34.Rf2 bxc4 35.bxc4 Ba8 36.Rdf1 Kg7
37.Qd4+ Kg8 38.Qf4 Qe6 39.Kh2 Bb7 40.Rb1 Qc6 41.Rd1 Qe6 42.Rd6 Qe8 43.Qf6 Qe4
44.c5 Bd5 45.Qf4 Rc8 46.Qxe4 Bxe4 47.Re2 f5 48.Rxg6+ Kf7 49.Rb6 Rxc5 50.Rd2 Bd5
51.Ra6 Rb5 52.Rd6 Be6 53.Re2 Bc4 54.Rd7+ Kf6 55.Red2 Be6 56.R7d6 Ke5 57.Ra6 Bd5
58.Rc2 Be4 59.Rd2 Rc5 60.Rda2 Kf4 61.g3+ Kg5 62.Ra7 Rc1 63.Ra1 Rc2+ 64.Kg1 Rg2+
65.Kf1 Rh2 66.Rg7+ Kf6 67.Raa7 Rxh3 68.Kf2 Rh1 69.Rgf7+ Kg5 70.Rg7+ Kf6 71.Rh7 Rb1
72.Ra6+ Ke5 73.Re7+ Kd5 74.Ra5+ Kd4 75.Ra4+ Kd5 76.Ra2 Kd6 77.Re8 Kd7 78.Re5 Kd6
79.Rea5 Rh1 80.Ke3 Rf1 81.Rd2+ Ke6 82.Rf2 Re1+ 83.Kf4 Rb1 84.Ra6+ Kd5 85.Rd2+ Kc4
86.Kg5 Rg1 87.Kf4 Rf1+ 88.Ke5 Re1 89.Kf4 Rf1+ 90.Kg5 Rg1 91.Ra3 Kb4 92.Re3 Kc4
93.Rf2 Kd4 94.Ra3 Ke5 95.Ra5+ Kd4 96.Ra3 Ke5 97.Rb2 Kd4 98.Rb5 Bd3 99.Rb4+ Ke3
100.Rbb3 Rxg3+ 101.Kf6 Kd2 102.Rxd3+ Rxd3  1/2-1/2

[Event "IMSA Masters Blitz Women"]
[Site "Hengshui CHN"]
[Date "2019.05.18"]
[Round "17.5"]
[White "Khotenashvili,B"]
[Black "Krush,I"]
[Result "0-1"]
[WhiteElo "2476"]
[BlackElo "2422"]

1.Nf3 c5 2.g3 Nc6 3.Bg2 g6 4.O-O Bg7 5.c4 e6 6.Nc3 Nge7 7.d3 O-O 8.Rb1 d5
9.a3 a5 10.Bd2 b6 11.Qc1 Ba6 12.b3 Rc8 13.Bh6 Bxh6 14.Qxh6 Nf5 15.Qf4 d4
16.Ne4 f6 17.Qd2 e5 18.e3 Nfe7 19.Qc2 Qd7 20.exd4 exd4 21.Rfe1 Kg7 22.h4 Rce8
23.Kh2 Bb7 24.Bh3 Qc7 25.Re2 Ng8 26.Rbe1 Re7 27.h5 Rfe8 28.hxg6 hxg6 29.Kg1 Nh6
30.Qd2 Nf7 31.Qd1 Nce5 32.Nxe5 Nxe5 33.Bg2 Nf7 34.Nd2 Bxg2 35.Kxg2 Qb7+ 36.f3 Ne5
37.Ne4 Qc7 38.Qd2 Nf7 39.Qd1 f5 40.Nd2 Re3 41.Rxe3 dxe3 42.Nf1 f4 43.Qe2 g5
44.Qb2+ Qe5 45.Qxe5+ Nxe5  0-1

[Event "IMSA Masters Blitz Women"]
[Site "Hengshui CHN"]
[Date "2019.05.18"]
[Round "19.1"]
[White "Krush,I"]
[Black "Kosteniuk,A"]
[Result "1-0"]
[WhiteElo "2422"]
[BlackElo "2546"]

1.d4 Nf6 2.c4 e6 3.Nc3 Bb4 4.e3 b6 5.Ne2 Bb7 6.a3 Be7 7.d5 O-O 8.g3 d6 9.Bg2 e5
10.b4 a5 11.Rb1 Nbd7 12.O-O Re8 13.e4 Bf8 14.f4 exf4 15.gxf4 axb4 16.axb4 b5
17.cxb5 Nb6 18.Nd4 Qd7 19.Nc6 Qg4 20.Qd3 g6 21.Bb2 Bg7 22.Kh1 Qh4 23.Ne2 Ra2
24.Bd4 Ng4 25.Bg1 Bxc6 26.bxc6 Rea8 27.Qg3 Qxg3 28.Nxg3 Nc4 29.Rfd1 Nce3
30.Bxe3 Nxe3 31.Rg1 Bd4 32.Bf3 Rf2 33.Be2 Ra2 34.Rge1 Bc3 35.Rec1 Bd4 36.Re1 Rxf4
37.b5 Bb6 38.Ra1 Rc2 39.Rec1 Rd2 40.Ra6 Ng4 41.Bxg4 Rxg4 42.Rxb6 Rh4 43.Rb8+ Kg7
44.Nf1 Rb2 45.b6 g5 46.bxc7 g4 47.Rxb2  1-0

[Event "IMSA Masters Blitz Women"]
[Site "Hengshui CHN"]
[Date "2019.05.18"]
[Round "20.1"]
[White "Kosteniuk,A"]
[Black "Krush,I"]
[Result "1-0"]
[WhiteElo "2546"]
[BlackElo "2422"]

1.e4 c5 2.Nf3 d6 3.d4 cxd4 4.Nxd4 Nf6 5.Nc3 Nc6 6.Bg5 Qb6 7.Nb3 g6 8.Be3 Qc7
9.Be2 Bg7 10.O-O O-O 11.f4 a6 12.Bf3 Rb8 13.g4 b5 14.g5 Nd7 15.Nd5 Qd8 16.Rb1 Bb7
17.Bg2 b4 18.f5 e6 19.f6 exd5 20.fxg7 Kxg7 21.exd5 Nce5 22.Qd4 a5 23.Qh4 Kg8
24.Nd2 f5 25.gxf6 Rxf6 26.Bg5 Rxf1+ 27.Rxf1 Qb6+ 28.Kh1 Rf8 29.Rxf8+ Nxf8
30.Be7 Qe3 31.Nf1 Qe2 32.Qf6 Nfd7 33.Qe6+ Kg7 34.Bxd6 Ba6 35.Bc7 Qe1 36.Qxa6 Ng4
37.Bg3 Qd1 38.Qe6 Ndf6 39.h3 Nh6 40.Be5 Ng8 41.d6 Qe2 42.d7 Qd1 43.Bxf6+ Nxf6
44.Qe7+ Kh6 45.d8=Q  1-0

[Event "IMSA Masters Blitz Women"]
[Site "Hengshui CHN"]
[Date "2019.05.18"]
[Round "22.4"]
[White "Koneru,H"]
[Black "Krush,I"]
[Result "1-0"]
[WhiteElo "2553"]
[BlackElo "2422"]

1.d4 d5 2.Nf3 Nf6 3.e3 e6 4.Bd3 c5 5.b3 Nc6 6.O-O Qc7 7.c4 cxd4 8.exd4 Be7
9.Bb2 O-O 10.Nc3 Rd8 11.Nb5 Qf4 12.Bc1 Qg4 13.h3 Qh5 14.c5 a6 15.Nc3 e5 16.Nxe5 Nxe5
17.Qxh5 Nxh5 18.dxe5 Bxc5 19.Ne2 g6 20.g4 Ng7 21.Bg5 Re8 22.Bf6 h5 23.Rac1 Bb6
24.Nf4 Be6 25.gxh5 Nxh5 26.Nxh5 gxh5 27.Kh2 Kf8 28.Bh7 Rec8 29.Rg1 Ke8 30.Rg8+ Kd7
31.Rgxc8 Rxc8 32.Rxc8 Kxc8 33.f4 d4 34.Be4 Bd7 35.Kg3 Bc6 36.Bf5+ Kc7 37.Bd3 Ba5
38.Kf2 Bd2 39.Bg5 Be3+ 40.Ke2 Bg2 41.h4 Bh3 42.Bc4 Bg4+ 43.Kd3 Bf5+ 44.Ke2 Bg4+
45.Ke1 Be6 46.Bd3 Bg4 47.Kf1 b5 48.f5 Kd7 49.Ke1 Bg1 50.Kf1 Bh2 51.Bf6 Bg3
52.Kg2 Bf4 53.Kf2 Be3+ 54.Kg3 Bd2 55.Bg5 Be1+ 56.Kg2 Bc3 57.Kf2 Bb4 58.Kf1 Bc3
59.Kf2 Bb4 60.Kf1 Bc3 61.a4 bxa4 62.bxa4 a5 63.Kf2 Bd1 64.Bb5+ Kc7 65.e6 fxe6
66.fxe6 Kd6 67.e7  1-0

[Event "chess.com Women's Speed"]
[Site "chess.com INT"]
[Date "2019.05.27"]
[Round "1.16"]
[White "Krush,I"]
[Black "Gunina,V"]
[Result "1-0"]
[WhiteElo "2422"]
[BlackElo "2506"]

1.d4 Nf6 2.Nf3 d5 3.c4 e6 4.Bg5 c5 5.cxd5 exd5 6.Nc3 Be6 7.e3 Be7 8.dxc5 O-O
9.Rc1 Bxc5 10.Be2 Nbd7 11.O-O h6 12.Bh4 Rc8 13.Nb5 a6 14.Nbd4 Qb6 15.Qb3 Qxb3
16.Nxb3 Bd6 17.Na5 Rb8 18.a3 Ne4 19.Nd4 Rfe8 20.Bg3 Bxg3 21.hxg3 Ne5 22.Rc7 Nd6
23.Rfc1 Kf8 24.f3 Re7 25.Kf2 Ke8 26.g4 Kd8 27.Rxe7 Kxe7 28.f4 Nxg4+ 29.Bxg4 Bxg4
30.Ndc6+ bxc6 31.Nxc6+ Ke6 32.Nxb8 Ne4+ 33.Ke1 a5 34.Rc6+ Kf5 35.Ra6 Nc5
36.Rxa5 Nd3+ 37.Kd2 Nxb2 38.Rxd5+ Ke6 39.Rc5 Kd6 40.Rc6+ Kd5 41.Kc3 Nd1+
42.Kd2 Nb2 43.Rc7 Nc4+ 44.Kd3 Bf5+ 45.Kc3 Nxe3 46.Rxf7 Ke6 47.Rxg7 Nd5+ 48.Kd4 Nxf4
49.a4 Kf6 50.Rb7 Nxg2 51.Rb6+ Kg5 52.a5 Bg4 53.a6 Bf3 54.Nc6 Nf4 55.a7 Ne6+
56.Ke5 Nc7 57.Ra6 h5 58.Kd6 Na8 59.Ra2 h4 60.Rb2 h3 61.Rb8 h2 62.Rxa8 h1=Q
63.Rg8+ Kf4 64.a8=Q Qh6+ 65.Kc7 Qh7+ 66.Kb6 Qb1+ 67.Kc7 Qh7+ 68.Kb6 Qb1+
69.Kc5 Qc2+ 70.Kd6 Qd3+ 71.Ke7 Qh7+ 72.Kf8 Qh6+ 73.Kf7  1-0

[Event "chess.com Women's Speed"]
[Site "chess.com INT"]
[Date "2019.05.27"]
[Round "1.15"]
[White "Gunina,V"]
[Black "Krush,I"]
[Result "1-0"]
[WhiteElo "2506"]
[BlackElo "2422"]

1.d4 d5 2.c4 dxc4 3.e3 Nf6 4.Bxc4 e6 5.Nf3 a6 6.a4 c5 7.O-O Nc6 8.Nc3 cxd4
9.exd4 Be7 10.Re1 O-O 11.h3 Nb4 12.Bg5 Bd7 13.Ne5 Bc6 14.Qd2 Nfd5 15.Bxe7 Qxe7
16.Nxc6 bxc6 17.Ne4 a5 18.Rac1 Rab8 19.Qe2 Rfd8 20.Red1 h6 21.Qf3 Nf6 22.Nc3 Rd6
23.Qg3 Rbd8 24.Qe5 Nfd5 25.Ne4 R6d7 26.Nc5 Ra7 27.Be2 Rb8 28.Qxb8+  1-0

[Event "chess.com Women's Speed"]
[Site "chess.com INT"]
[Date "2019.05.27"]
[Round "1.3"]
[White "Gunina,V"]
[Black "Krush,I"]
[Result "0-1"]
[WhiteElo "2506"]
[BlackElo "2422"]

1.d4 d5 2.Nf3 Nf6 3.c4 dxc4 4.e3 a6 5.Bxc4 b5 6.Be2 Bb7 7.O-O e6 8.a4 b4
9.a5 Nbd7 10.Nbd2 c5 11.Nc4 Be7 12.b3 O-O 13.Bb2 Nd5 14.Qc2 cxd4 15.Nxd4 Rc8
16.Rfd1 Bf6 17.Bf1 Qe7 18.e4 Nc3 19.Bxc3 bxc3 20.Ne2 Ne5 21.Nxc3 Nxc4 22.Bxc4 Qb4
23.Rdc1 Rfd8 24.h3 Bxc3 25.Qxc3 Rd1+  0-1

[Event "chess.com Women's Speed"]
[Site "chess.com INT"]
[Date "2019.05.27"]
[Round "1.29"]
[White "Gunina,V"]
[Black "Krush,I"]
[Result "1-0"]
[WhiteElo "2506"]
[BlackElo "2422"]

1.e4 c5 2.Nf3 d6 3.d4 Nf6 4.Nc3 cxd4 5.Nxd4 Nc6 6.Be2 g6 7.O-O Bg7 8.Be3 O-O
9.h3 a6 10.Qd2 Nxd4 11.Bxd4 b5 12.a4 b4 13.Nd5 Nxe4 14.Qe3 Bxd4 15.Qxd4 Nc5
16.Qxb4 Be6 17.Qd4 Bxd5 18.Qxd5 Qb6 19.b3 e6 20.Qf3 d5 21.Rab1 Rac8 22.a5 Qc7
23.c4 d4 24.b4 Na4 25.Rbd1 Rfd8 26.c5 e5 27.Bxa6 Rb8 28.Qa3 Nc3 29.Rd2 e4
30.Bc4 e3 31.fxe3 Qg3 32.Bxf7+ Kh8 33.Rd3 Ne2+ 34.Kh1 Rf8 35.exd4 Rxf7 36.Rxg3 Rxf1+
37.Kh2 Rbf8 38.Re3 Nf4 39.Rf3 Nd5 40.Rxf1 Rf7 41.Rxf7  1-0

[Event "chess.com Women's Speed"]
[Site "chess.com INT"]
[Date "2019.05.27"]
[Round "1.13"]
[White "Gunina,V"]
[Black "Krush,I"]
[Result "1-0"]
[WhiteElo "2506"]
[BlackElo "2422"]

1.d4 d5 2.Nf3 Nf6 3.g3 Bf5 4.Bg2 c6 5.O-O h6 6.b3 e6 7.Bb2 Nbd7 8.c4 Bd6
9.e3 O-O 10.Qe2 Ne4 11.Nc3 Nxc3 12.Bxc3 Be4 13.a3 a5 14.Rfc1 a4 15.b4 dxc4
16.Qxc4 b5 17.Qe2 Nb6 18.Nd2 Bxg2 19.Kxg2 f5 20.Bb2 Rc8 21.Rc2 Qd7 22.Rac1 Nd5
23.Nf3 Nf6 24.Ne5 Bxe5 25.dxe5 Nd5 26.Bd4 g5 27.f3 Qb7 28.e4 Nb6 29.exf5 Rxf5
30.Bxb6 Qxb6 31.Qe4 Qb8 32.Re1 Qc7 33.g4 Rf7 34.Qg6+ Rg7 35.Qxe6+ Kh7 36.Qf5+ Kh8
37.e6 Re8 38.Rd2  1-0

[Event "chess.com Women's Speed"]
[Site "chess.com INT"]
[Date "2019.05.27"]
[Round "1.12"]
[White "Krush,I"]
[Black "Gunina,V"]
[Result "0-1"]
[WhiteElo "2422"]
[BlackElo "2506"]

1.d4 Nf6 2.Nf3 d5 3.c4 e6 4.Bg5 dxc4 5.Nc3 c6 6.e4 b5 7.e5 h6 8.Bh4 g5 9.Nxg5 hxg5
10.Bxg5 Be7 11.exf6 Bxf6 12.Bxf6 Qxf6 13.g3 Nd7 14.Bg2 e5 15.O-O O-O 16.Ne4 Qg6
17.f4 f5 18.Ng5 e4 19.d5 Bb7 20.Ne6 Rf7 21.dxc6 Bxc6 22.Qd6 Rc8 23.Rad1 Rf6
24.Qd4 Rxe6 25.Qxa7 Qf7 26.Rd4 Ne5 27.Qxf7+ Nxf7 28.Rfd1 Kf8 29.Kf2 Ke7 30.Ke3 Nh6
31.h3 Rg8  0-1

[Event "chess.com Women's Speed"]
[Site "chess.com INT"]
[Date "2019.05.27"]
[Round "1.11"]
[White "Gunina,V"]
[Black "Krush,I"]
[Result "0-1"]
[WhiteElo "2506"]
[BlackElo "2422"]

1.d4 d5 2.c4 dxc4 3.e3 Nf6 4.Bxc4 e6 5.Nf3 a6 6.O-O b5 7.Be2 Bb7 8.Nc3 Nbd7
9.Qc2 c5 10.dxc5 Bxc5 11.a3 O-O 12.b4 Bd6 13.Bb2 Rc8 14.Rfd1 Qc7 15.Rac1 Bxf3
16.Bxf3 Bxh2+ 17.Kh1 Be5 18.Qb3 Qb8 19.g3 Nb6 20.Kg2 Nc4 21.Ba1 Rfd8 22.Rxd8+ Rxd8
23.Be2 Qa8+ 24.Bf3 Qxf3+  0-1

[Event "chess.com Women's Speed"]
[Site "chess.com INT"]
[Date "2019.05.27"]
[Round "1.1"]
[White "Gunina,V"]
[Black "Krush,I"]
[Result "1-0"]
[WhiteElo "2506"]
[BlackElo "2422"]

1.e4 c5 2.Nf3 d6 3.d4 Nf6 4.Nc3 cxd4 5.Qxd4 a6 6.Bg5 Nc6 7.Qd2 e6 8.Be2 Be7
9.O-O b5 10.a3 Bb7 11.Rad1 O-O 12.Qf4 Qc7 13.h3 Ne5 14.Qe3 Nc4 15.Bxc4 Qxc4
16.Rd4 Qc5 17.e5 dxe5 18.Nxe5 Rfd8 19.Rfd1 Rxd4 20.Rxd4 Nd5 21.Nxd5 Bxd5
22.Bxe7 Qxe7 23.Rg4 Qf6 24.Qg3 h6 25.c3 Rd8 26.Kh2 Bb7 27.Qe3 Rd5 28.f4 Rd1
29.Rg3 Bd5 30.Ng4 Qg6 31.f5 Qg5 32.Nxh6+  1-0

[Event "chess.com Women's Speed"]
[Site "chess.com INT"]
[Date "2019.05.27"]
[Round "1.17"]
[White "Gunina,V"]
[Black "Krush,I"]
[Result "1-0"]
[WhiteElo "2506"]
[BlackElo "2422"]

1.d4 d5 2.c4 dxc4 3.e3 Nf6 4.Bxc4 e6 5.Nf3 a6 6.O-O b5 7.Bb3 Bb7 8.Qe2 Nbd7
9.Nbd2 c5 10.e4 cxd4 11.e5 Nd5 12.Ne4 Qb8 13.Ng3 d3 14.Qxd3 Nxe5 15.Nxe5 Qxe5
16.Bd2 Be7 17.Rfe1 Qd6 18.Rad1 Rd8 19.Ne4 Qd7 20.Qg3 Kf8 21.h4 h5 22.Bc3 Rh7
23.Ba5 Rc8 24.Rc1 Rxc1 25.Rxc1 Rh6 26.Ng5 Bd6 27.Qd3 Rg6 28.g3 Kg8 29.Bc2 Be5
30.Qe2 Rh6 31.Qxe5  1-0

[Event "chess.com Women's Speed"]
[Site "chess.com INT"]
[Date "2019.05.27"]
[Round "1.27"]
[White "Gunina,V"]
[Black "Krush,I"]
[Result "1-0"]
[WhiteElo "2506"]
[BlackElo "2422"]

1.e4 c5 2.Nf3 d6 3.d4 Nf6 4.dxc5 Qa5+ 5.c3 Qxc5 6.Be3 Qc7 7.Bd3 g6 8.O-O Bg7
9.Nbd2 O-O 10.h3 Nc6 11.Qe2 a6 12.Bf4 Nd7 13.Rad1 b5 14.Rfe1 Bb7 15.Qe3 Nce5
16.Bf1 Rfd8 17.Bh6 Bh8 18.Nd4 Nc6 19.N2f3 Nde5 20.Nxc6 Bxc6 21.Nd4 Bb7 22.Qg3 Nc4
23.b3 Ne5 24.Nf5 Bf6 25.Nd4 Rac8 26.Rc1 Nc6 27.Nf5 Kh8 28.Ne3 e6 29.Ng4 Bg7
30.Bxg7+ Kxg7 31.Qh4 Qe7 32.Qh6+ Kg8 33.c4 Ne5 34.Nxe5 dxe5 35.cxb5 axb5
36.Bxb5 Qb4 37.Bc4 Rd2 38.a4 Rcd8 39.Qe3 R8d4 40.Qf3 Kg7 41.Kh2 Qa3 42.Rc3 Qb2
43.Re2 Rxe2 44.Bxe2 Bxe4 45.Qe3 Bd5 46.Qxe5+ Kg8 47.Rc8+  1-0

[Event "chess.com Women's Speed"]
[Site "chess.com INT"]
[Date "2019.05.27"]
[Round "1.26"]
[White "Krush,I"]
[Black "Gunina,V"]
[Result "0-1"]
[WhiteElo "2422"]
[BlackElo "2506"]

1.d4 Nf6 2.c4 e6 3.Nc3 Bb4 4.Qc2 O-O 5.a3 Bxc3+ 6.Qxc3 b6 7.Bg5 Bb7 8.e3 h6
9.Bh4 g5 10.Bg3 Ne4 11.Qc2 f5 12.f3 Nxg3 13.hxg3 Qf6 14.Bd3 d6 15.Ne2 Nd7
16.O-O-O Rae8 17.e4 c5 18.d5 exd5 19.exd5 Ne5 20.f4 Ng4 21.Rde1 Re3 22.Nc3 Rxg3
23.Re6 Qd4 24.Ne2 Qxd3 25.Nxg3 Qxg3 26.fxg5 Qf4+ 27.Kb1 Qxg5 28.Rxd6 Bc8
29.Qe2 f4 30.Rc6 Bf5+ 31.Ka1 Ne3 32.Rc7 Be4 33.d6 Bxg2 34.Rg1 f3 35.Qf2 Ng4
36.Qg3 f2 37.Qxg2 fxg1=Q+ 38.Qxg1 Ne5 39.Qe1 Rd8 40.Qe4 Ng6 41.Qb7 Qf6 42.d7 Kf7
43.Qxa7 Ne5 44.Rc8 Nxc4 45.Rxd8 Qxb2+  0-1

[Event "chess.com Women's Speed"]
[Site "chess.com INT"]
[Date "2019.05.27"]
[Round "1.10"]
[White "Krush,I"]
[Black "Gunina,V"]
[Result "0-1"]
[WhiteElo "2422"]
[BlackElo "2506"]

1.d4 Nf6 2.Nf3 e6 3.e3 d5 4.Bd3 c5 5.b3 Bd6 6.Bb2 O-O 7.O-O Nc6 8.Nbd2 b6
9.a3 Bb7 10.Ne5 Qc7 11.f4 Ne7 12.Qf3 Rad8 13.g4 c4 14.g5 cxd3 15.gxf6 gxf6
16.Ng4 Kg7 17.Rac1 dxc2 18.Rf2 h5 19.Nxf6 Kxf6 20.Qxh5 Rg8+ 21.Kh1 Nf5 22.Qe2 Rh8
23.Rg2 Rdg8 24.Nf3 Ke7 25.Rxc2 Qd8 26.Qd3 Ng3+ 27.Kg1 Ne4 28.Ng5 Nxg5 29.fxg5 Kf8
30.Rcf2 Rxg5  0-1

[Event "chess.com Women's Speed"]
[Site "chess.com INT"]
[Date "2019.05.27"]
[Round "1.9"]
[White "Gunina,V"]
[Black "Krush,I"]
[Result "1-0"]
[WhiteElo "2506"]
[BlackElo "2422"]

1.Nf3 c5 2.c4 Nc6 3.Nc3 g6 4.e3 Nf6 5.d4 cxd4 6.exd4 d5 7.Be2 Bg7 8.O-O O-O
9.Bf4 dxc4 10.Bxc4 Na5 11.Be2 Nd5 12.Be5 Nxc3 13.bxc3 b6 14.Bxg7 Kxg7 15.Ne5 Bb7
16.Bf3 Bd5 17.Re1 Rc8 18.Qd2 e6 19.Rac1 Nc4 20.Qf4 Bxf3 21.Qxf3 Nxe5 22.Rxe5 Qxd4
23.Qe2 Rxc3 24.Rxc3 Qxc3 25.h4 h5 26.Rg5 Rd8 27.Kh2 Qf6 28.g3 Rd5 29.Qe3 Qd4
30.Qf3 Rxg5 31.hxg5 Qe5 32.Qb7 Qc5 33.Kg1 a5 34.a4 Qd4 35.Qe7 Qe5 36.Qd8 Qc5
37.Qf6+ Kg8 38.Qd8+ Kh7 39.Qf6 Qc7 40.Qd4 Kg8 41.Kh2 Kh7 42.Kg1 Qc1+ 43.Kh2 Qxg5
44.Qxb6 h4 45.Qd4 hxg3+ 46.fxg3 Qd5 47.Qf6 Qf5 48.Qd4 Qf2+ 49.Qxf2  1-0

[Event "chess.com Women's Speed"]
[Site "chess.com INT"]
[Date "2019.05.27"]
[Round "1.8"]
[White "Krush,I"]
[Black "Gunina,V"]
[Result "0-1"]
[WhiteElo "2422"]
[BlackElo "2506"]

1.d4 d5 2.c4 e6 3.Nc3 Nf6 4.cxd5 exd5 5.Bg5 c6 6.e3 Bf5 7.Qf3 Qd7 8.Bxf6 gxf6
9.Qd1 Bd6 10.Bd3 Bg6 11.Nge2 O-O 12.O-O Qc7 13.g3 Nd7 14.Nf4 Rfe8 15.Qc2 Nf8
16.Nce2 Qc8 17.Kg2 Qg4 18.h3 Qg5 19.h4 Qg4 20.f3 Qd7 21.h5 Bxd3 22.Qxd3 Ne6
23.Rg1 Ng5 24.Kf2 Re7 25.Rh1 Rae8 26.Ng2 c5 27.g4 c4 28.Qf5 Qxf5 29.gxf5 b5
30.Nc3 Rd7 31.Nxd5 Bg3+ 32.Kxg3 Rxd5 33.Rhd1 Rxf5 34.f4 Ne4+ 35.Kg4 Rd5 36.Rf1 Kf8
37.Nh4 Ke7 38.Nf5+ Kd7 39.Nh6 f5+ 40.Kf3 Nd2+ 41.Kf2 Nxf1 42.Rxf1 Ke6 43.Rg1 b4
44.Rg7 Rf8 45.Ke2 Ra5 46.Rxh7 Rxa2 47.e4 Rxb2+ 48.Ke3 Rb3+  0-1

[Event "chess.com Women's Speed"]
[Site "chess.com INT"]
[Date "2019.05.27"]
[Round "1.7"]
[White "Gunina,V"]
[Black "Krush,I"]
[Result "1-0"]
[WhiteElo "2506"]
[BlackElo "2422"]

1.e4 c5 2.Nf3 d6 3.d4 Nf6 4.dxc5 Qa5+ 5.Nc3 Nxe4 6.cxd6 Nxc3 7.bxc3 exd6
8.Bd3 Qxc3+ 9.Bd2 Qc7 10.O-O Be7 11.Ng5 Bxg5 12.Bxg5 O-O 13.Qh5 h6 14.Bxh6 Qc5
15.Qh4 gxh6 16.Qxh6 Bf5 17.Rae1 Bxd3 18.cxd3 Nc6 19.Re3 Ne5 20.Rh3  1-0

[Event "chess.com Women's Speed"]
[Site "chess.com INT"]
[Date "2019.05.27"]
[Round "1.6"]
[White "Krush,I"]
[Black "Gunina,V"]
[Result "0-1"]
[WhiteElo "2422"]
[BlackElo "2506"]

1.d4 d5 2.c4 e6 3.Nc3 Nf6 4.cxd5 exd5 5.Bg5 c6 6.e3 Be7 7.Bd3 O-O 8.Qc2 Nbd7
9.Nf3 Re8 10.h3 Nf8 11.Bf4 Bd6 12.Ne5 Ng6 13.Nxg6 hxg6 14.Bxd6 Qxd6 15.O-O-O Bd7
16.g4 Rac8 17.g5 Nh5 18.Kb1 c5 19.dxc5 Rxc5 20.Ka1 b5 21.Qd2 b4 22.Ne2 a5
23.Nd4 a4 24.Rc1 Rec8 25.h4 a3 26.bxa3 bxa3 27.Rxc5 Qxc5 28.Nb3 Qe7 29.Rc1 Qe5+
30.Nd4 Qh2 31.Rxc8+ Bxc8 32.Qc3 Bg4 33.Qxa3 Qxf2 34.Qe7 Ng3 35.Qe8+ Kh7 36.Qe5 Qe1+
37.Kb2 Qd2+ 38.Bc2 Nf1 39.Qf4 Nxe3 40.a3 Nc4+  0-1

[Event "chess.com Women's Speed"]
[Site "chess.com INT"]
[Date "2019.05.27"]
[Round "1.5"]
[White "Gunina,V"]
[Black "Krush,I"]
[Result "1-0"]
[WhiteElo "2506"]
[BlackElo "2422"]

1.d4 d5 2.c4 dxc4 3.e4 e5 4.Nf3 Bb4+ 5.Nc3 exd4 6.Nxd4 Ne7 7.Bxc4 O-O 8.O-O Nbc6
9.Be3 Ne5 10.Be2 Bxc3 11.bxc3 c5 12.Nb5 b6 13.h3 Be6 14.Nd6 Nc8 15.Nf5 Bc4
16.Bxc4 Nxc4 17.Qg4 Qf6 18.Bh6 g6 19.Bxf8 Kxf8 20.Ne3 Nxe3 21.fxe3 Qxc3 22.Qf4 Qg7
23.Rad1 Ne7 24.Rd7 Re8 25.Qd6 Qc3 26.Kh2 Qxe3 27.Qf6  1-0

[Event "chess.com Women's Speed"]
[Site "chess.com INT"]
[Date "2019.05.27"]
[Round "1.20"]
[White "Krush,I"]
[Black "Gunina,V"]
[Result "0-1"]
[WhiteElo "2422"]
[BlackElo "2506"]

1.d4 Nf6 2.c4 e6 3.Nc3 Bb4 4.Qc2 O-O 5.e4 d5 6.e5 Ne4 7.Bd3 c5 8.a3 Bxc3+
9.bxc3 cxd4 10.cxd4 Qa5+ 11.Kf1 f5 12.exf6 Nxf6 13.Nf3 Nc6 14.h4 Qd8 15.h5 h6
16.Be3 dxc4 17.Qxc4 Nd5 18.Re1 Qd6 19.Ne5 Bd7 20.Rh3 Nxe5 21.dxe5 Qxe5 22.Bc5 Qb2
23.Bxf8 Rxf8 24.Rf3 Rxf3 25.gxf3 Qxa3 26.Be4 Nf6 27.Bxb7 Qb2 28.Bc6 Bc8 29.Be4 Bd7
30.Kg1 Nxh5 31.Qc7 Nf6 32.Qd8+ Kf7 33.Rd1 Qb5 34.Bh7 Qg5+ 35.Kh2 Qe5+  0-1

[Event "chess.com Women's Speed"]
[Site "chess.com INT"]
[Date "2019.05.27"]
[Round "1.2"]
[White "Krush,I"]
[Black "Gunina,V"]
[Result "0-1"]
[WhiteElo "2422"]
[BlackElo "2506"]

1.d4 Nf6 2.Nf3 e6 3.e3 b6 4.Bd3 Bb7 5.O-O Be7 6.c4 O-O 7.Nc3 d5 8.cxd5 exd5
9.b3 c5 10.Bb2 Nbd7 11.Rc1 a6 12.Bf5 Bd6 13.Bxd7 Nxd7 14.dxc5 Nxc5 15.Ne2 Re8
16.Qd4 Bf8 17.Rfd1 Qd6 18.Nf4 Rad8 19.h3 Ne4 20.Rc2 Qh6 21.Rc7 Ba8 22.Rdc1 Bc5
23.Qd3 Nxf2 24.Kxf2 Rxe3 25.Qxe3 Bxe3+ 26.Kxe3 d4+ 27.Bxd4 g5 28.Rc8 gxf4+
29.Kf2 Qf8 30.Rxd8 Qxd8 31.Re1 Bxf3  0-1

[Event "chess.com Women's Speed"]
[Site "chess.com INT"]
[Date "2019.05.27"]
[Round "1.21"]
[White "Gunina,V"]
[Black "Krush,I"]
[Result "0-1"]
[WhiteElo "2506"]
[BlackElo "2422"]

1.d4 d5 2.c4 dxc4 3.e4 e5 4.Nf3 Bb4+ 5.Nc3 exd4 6.Nxd4 Ne7 7.Bxc4 O-O 8.O-O Nbc6
9.Nxc6 Nxc6 10.Nd5 Bc5 11.Qh5 Bd4 12.Bg5 Qd6 13.Rad1 Be6 14.Rxd4 Nxd4 15.Nf6+ gxf6
16.Bxf6 Qf4 17.Bxd4 Bxc4 18.Be5 Qxe4 19.Rc1 Rfe8 20.Qg5+ Qg6 21.Qf4 Rad8
22.h4 b5 23.Rc3 Rd3 24.Rxd3 Bxd3 25.Bxc7 Re1+ 26.Kh2 Re8 27.Be5 Be4 28.Bc3 Qxg2+  0-1

[Event "chess.com Women's Speed"]
[Site "chess.com INT"]
[Date "2019.05.27"]
[Round "1.28"]
[White "Krush,I"]
[Black "Gunina,V"]
[Result "0-1"]
[WhiteElo "2422"]
[BlackElo "2506"]

1.d4 d5 2.c4 c6 3.cxd5 cxd5 4.Bf4 Nf6 5.Nc3 Nc6 6.e3 Bg4 7.Qb3 Na5 8.Qa4+ Bd7
9.Qc2 e6 10.Bd3 Nc6 11.a3 Be7 12.h3 O-O 13.Nf3 Rc8 14.O-O Qb6 15.Rfc1 h6
16.b4 a6 17.Na4 Qa7 18.Nc5 b6 19.Nxd7 Nxd7 20.Qe2 b5 21.Rc2 Nb6 22.Nd2 Nc4
23.Nb3 Qd7 24.Nc5 Bxc5 25.bxc5 Qe7 26.Bg3 e5 27.dxe5 N6xe5 28.a4 Rxc5 29.axb5 axb5
30.Bf5 Qf6  0-1

[Event "chess.com Women's Speed"]
[Site "chess.com INT"]
[Date "2019.05.27"]
[Round "1.18"]
[White "Krush,I"]
[Black "Gunina,V"]
[Result "0-1"]
[WhiteElo "2422"]
[BlackElo "2506"]

1.d4 Nf6 2.c4 e6 3.Nc3 Bb4 4.Qc2 d5 5.cxd5 exd5 6.Bg5 O-O 7.e3 h6 8.Bh4 g5
9.Bg3 Ne4 10.Bd3 f5 11.Ne2 Be6 12.Be5 Nd7 13.f4 Nxe5 14.fxe5 c5 15.O-O c4
16.Bxe4 fxe4 17.Ng3 Be7 18.Ncxe4 dxe4 19.Qxe4 Qe8 20.d5 Bf7 21.Nf5 Bc5 22.Nxh6+ Kg7
23.Nxf7 Rxf7 24.e6 Rxf1+ 25.Rxf1 Qg6 26.Qe5+ Kg8 27.d6 Bb6 28.Rf5 Kh7 29.h3 Re8
30.e7 Bxe3+ 31.Kh1 Bf4 32.Qe4 Bxd6 33.Rf7+ Kh6 34.Qf3 Qb1+  0-1

[Event "chess.com Women's Speed"]
[Site "chess.com INT"]
[Date "2019.05.27"]
[Round "1.18"]
[White "Gunina,V"]
[Black "Krush,I"]
[Result "1/2-1/2"]
[WhiteElo "2506"]
[BlackElo "2422"]

1.d4 d5 2.c4 dxc4 3.e3 Nf6 4.Bxc4 e6 5.Nf3 a6 6.Qe2 b5 7.Bb3 Bb7 8.O-O Nbd7
9.a4 b4 10.a5 c5 11.Ba4 Be7 12.Nbd2 O-O 13.Nc4 Rc8 14.b3 cxd4 15.exd4 Nd5
16.Bd2 N7f6 17.Rac1 Nc3 18.Bxc3 bxc3 19.Rxc3 Bb4 20.Rcc1 Bxa5 21.Nfe5 Bb4
22.Nd3 Qd5 23.Ne3 Qxd4 24.Nc2 Qd5 25.Ne3 Qe4 26.Rc4 Rxc4 27.bxc4 Be7 28.Bc2 Qc6
29.Rb1 h6 30.h3 Rd8 31.Rb3 Ne4 32.Ne5 Qc7 33.Nxf7 Kxf7 34.Qf3+ Bf6 35.Bxe4 Bxe4
36.Qxe4 Rd7 37.g3 Qe5 38.Qa8 Rd2 39.Rb7+ Kg6 40.Qe8+ Kh7 41.Ng4 Qe1+ 42.Kg2 Qe4+
43.Kg1 Qf3 44.Nxf6+ Qxf6 45.Rf7 Rd1+ 46.Kg2 Qe5 47.Qc6 Re1 48.Qf3 Qe4 49.Qxe4+ Rxe4
50.Ra7 Rxc4 51.Rxa6 Re4 52.Kf3 Re1 53.Kf4 Kg6 54.h4 Kf6 55.Ra7 Re2 56.Kf3 Re1
57.Ra8 Re5 58.Ra4 Kg6 59.Kg4 h5+ 60.Kf3 Re1 61.Re4 Rxe4 62.Kxe4 Kf6 63.f3 g6
64.Kf4 Kf7 65.Ke5 Ke7 66.g4 hxg4 67.fxg4 g5 68.h5 Kf7 69.Kd6 Kf6 70.Kc6 Kf7
71.Kc5 Kf6 72.Kd6 Kf7 73.h6 Kg6 74.Kxe6 Kxh6 75.Kf5 Kh7 76.Kf6 Kh6 77.Kf5 Kh7
78.Kf6 Kh6 79.Kf5 Kh7 80.Kf6 Kh6 81.Kf5  1/2-1/2

[Event "chess.com Women's Speed"]
[Site "chess.com INT"]
[Date "2019.05.27"]
[Round "1.24"]
[White "Krush,I"]
[Black "Gunina,V"]
[Result "0-1"]
[WhiteElo "2422"]
[BlackElo "2506"]

1.d4 Nf6 2.c4 e6 3.Nc3 Bb4 4.Qc2 O-O 5.a3 Bxc3+ 6.Qxc3 b6 7.Bg5 Bb7 8.e3 h6
9.Bh4 d6 10.Ne2 Nbd7 11.Qd3 e5 12.Nc3 Qe7 13.d5 e4 14.Qc2 Rfe8 15.Be2 Nf8
16.Bxf6 Qxf6 17.Nxe4 Qg6 18.Bd3 Qxg2 19.O-O-O Ng6 20.Rdg1 Qh3 21.Nf6+ gxf6
22.Bxg6 Kf8 23.Bxf7 Re5 24.Qh7 Rg5 25.Rxg5 fxg5 26.Be6 Qf3 27.Qg8+ Ke7 28.Qg7+ Ke8
29.Rg1 Bc8 30.Qxc7 Bxe6 31.Qc6+ Ke7 32.Qc7+ Bd7 33.Rd1 Rc8 34.Qb7 Rxc4+ 35.Kd2 Qxf2+
36.Kd3 Qc2+  0-1